000 00757nam a2200205Ia 4500
005 20260121110025.0
008 008 260114s9999 xx 000 0 hin d
020 _a9788132358695
037 _aEBOOK
040 _aCRL
_bhin
_cCRL
041 _ahin
_2hin
084 _qCRL
100 _aप्रतीक अहुजा / Prateek Ahuja
_9941103
245 0 _aपोमोलॉजी: फ़लों की कृषि एवं व्यवसायिक अनुप्रयोग / Pomology: Phalon ki Krishi aur Vyavsaik Anuprayog
260 _bभाषा प्रकाशन / Bhasha Prakashan
_c2021
856 _uhttps://bhashaprakashan.com/product-details/382373
942 _cEBOOK
999 _c1532768
_d1532768